|
|
|
|
| LEADER |
01104cam a2200337 i 4500 |
| 001 |
000046229 |
| 003 |
5687 |
| 005 |
20180103105306.0 |
| 008 |
010220b1996 vm 000 eng |
| 020 |
|
|
|a 0132036541
|
| 040 |
|
|
|a LRCC
|c LRCC
|d LRCC
|
| 041 |
0 |
|
|a eng
|
| 082 |
1 |
4 |
|a 624.18341
|b ME-C
|
| 100 |
1 |
|
|a Meyer, Christian,
|d 1943-
|
| 245 |
0 |
0 |
|a Design of concrete structures /
|c Christian Meyer.
|
| 260 |
|
|
|a Upper Saddle River, N.J. :
|b Prentice Hall,
|c 1996.
|
| 300 |
|
|
|a xvi, 576p. :
|b ill.
|
| 630 |
0 |
4 |
|a Reinforced concrete construction.
|
| 650 |
0 |
4 |
|a Reinforced concrete construction.
|
| OWN |
|
|
|a DUT
|
| AVA |
|
|
|a UDN50
|b DUT
|c Book
|d 624.18341 ME-C
|e available
|t Error 5001 Not defined in file expand_doc_bib_avail.
|f 1
|g 0
|h N
|i 0
|j SH
|k 1
|
| 999 |
|
|
|a From the UDN01
|
| AVA |
|
|
|a UDN50
|b DUT
|c Book
|d 624.18341 ME-C
|e available
|t Error 5001 Not defined in file expand_doc_bib_avail.
|f 1
|g 0
|h N
|i 0
|j SH
|k 1
|
| TYP |
|
|
|a Monograph
|
| TYP |
|
|
|a Printed language
|
| 980 |
|
|
|a Mạng thư viện Đại học Đà Nẵng
|